<?xml version="1.0" encoding="UTF-8"?>
<record
    xmlns:xsi="http://www.w3.org/2001/XMLSchema-instance"
    xsi:schemaLocation="http://www.loc.gov/MARC21/slim http://www.loc.gov/standards/marcxml/schema/MARC21slim.xsd"
    xmlns="http://www.loc.gov/MARC21/slim">

  <leader>00358nam a22001577a 4500</leader>
  <controlfield tag="003">OSt</controlfield>
  <controlfield tag="005">20240123161359.0</controlfield>
  <controlfield tag="008">190905b        xxu||||| |||| 00| 0 eng d</controlfield>
  <datafield tag="020" ind1=" " ind2=" ">
    <subfield code="a">9788121904445</subfield>
  </datafield>
  <datafield tag="040" ind1=" " ind2=" ">
    <subfield code="c">IIMT UNIVERSITY</subfield>
  </datafield>
  <datafield tag="100" ind1=" " ind2=" ">
    <subfield code="a">AGARWAL</subfield>
  </datafield>
  <datafield tag="245" ind1=" " ind2=" ">
    <subfield code="a">PHARMACEUTICS-I</subfield>
  </datafield>
  <datafield tag="260" ind1=" " ind2=" ">
    <subfield code="a">NEW DELHI</subfield>
    <subfield code="b">BIRLA PUB</subfield>
    <subfield code="c">2019</subfield>
  </datafield>
  <datafield tag="300" ind1=" " ind2=" ">
    <subfield code="a">279</subfield>
  </datafield>
  <datafield tag="942" ind1=" " ind2=" ">
    <subfield code="2">ddc</subfield>
    <subfield code="c">01</subfield>
  </datafield>
  <datafield tag="999" ind1=" " ind2=" ">
    <subfield code="c">48833</subfield>
    <subfield code="d">48833</subfield>
  </datafield>
  <datafield tag="952" ind1=" " ind2=" ">
    <subfield code="0">0</subfield>
    <subfield code="1">0</subfield>
    <subfield code="2">ddc</subfield>
    <subfield code="4">0</subfield>
    <subfield code="7">0</subfield>
    <subfield code="a">27</subfield>
    <subfield code="b">27</subfield>
    <subfield code="d">2019-02-21</subfield>
    <subfield code="e">KIRTI PRAKASHAN</subfield>
    <subfield code="g">250.00</subfield>
    <subfield code="i">IN2849</subfield>
    <subfield code="l">1</subfield>
    <subfield code="p">27-B-580</subfield>
    <subfield code="r">2021-01-29</subfield>
    <subfield code="s">2021-01-22</subfield>
    <subfield code="w">2019-09-05</subfield>
    <subfield code="y">01</subfield>
  </datafield>
  <datafield tag="952" ind1=" " ind2=" ">
    <subfield code="0">0</subfield>
    <subfield code="1">0</subfield>
    <subfield code="2">ddc</subfield>
    <subfield code="4">0</subfield>
    <subfield code="7">0</subfield>
    <subfield code="a">27</subfield>
    <subfield code="b">27</subfield>
    <subfield code="d">2019-02-21</subfield>
    <subfield code="e">KIRTI PRAKASHAN</subfield>
    <subfield code="g">250.00</subfield>
    <subfield code="i">IN2849</subfield>
    <subfield code="l">0</subfield>
    <subfield code="p">27-B-581</subfield>
    <subfield code="r">2019-09-05</subfield>
    <subfield code="w">2019-09-05</subfield>
    <subfield code="y">01</subfield>
  </datafield>
  <datafield tag="952" ind1=" " ind2=" ">
    <subfield code="0">0</subfield>
    <subfield code="1">0</subfield>
    <subfield code="2">ddc</subfield>
    <subfield code="4">0</subfield>
    <subfield code="7">0</subfield>
    <subfield code="a">27</subfield>
    <subfield code="b">27</subfield>
    <subfield code="d">2019-02-21</subfield>
    <subfield code="e">KIRTI PRAKASHAN</subfield>
    <subfield code="g">250.00</subfield>
    <subfield code="i">IN2849</subfield>
    <subfield code="l">2</subfield>
    <subfield code="m">1</subfield>
    <subfield code="p">27-B-582</subfield>
    <subfield code="r">2020-12-05</subfield>
    <subfield code="s">2020-10-14</subfield>
    <subfield code="w">2019-09-05</subfield>
    <subfield code="y">02</subfield>
  </datafield>
  <datafield tag="952" ind1=" " ind2=" ">
    <subfield code="0">0</subfield>
    <subfield code="1">0</subfield>
    <subfield code="2">ddc</subfield>
    <subfield code="4">0</subfield>
    <subfield code="7">0</subfield>
    <subfield code="a">27</subfield>
    <subfield code="b">27</subfield>
    <subfield code="d">2019-02-21</subfield>
    <subfield code="e">KIRTI PRAKASHAN</subfield>
    <subfield code="g">250.00</subfield>
    <subfield code="i">IN2849</subfield>
    <subfield code="l">0</subfield>
    <subfield code="p">27-B-583</subfield>
    <subfield code="r">2019-09-05</subfield>
    <subfield code="w">2019-09-05</subfield>
    <subfield code="y">01</subfield>
  </datafield>
  <datafield tag="952" ind1=" " ind2=" ">
    <subfield code="0">0</subfield>
    <subfield code="1">0</subfield>
    <subfield code="2">ddc</subfield>
    <subfield code="4">0</subfield>
    <subfield code="7">0</subfield>
    <subfield code="a">27</subfield>
    <subfield code="b">27</subfield>
    <subfield code="d">2019-02-21</subfield>
    <subfield code="e">KIRTI PRAKASHAN</subfield>
    <subfield code="g">250.00</subfield>
    <subfield code="i">IN2849</subfield>
    <subfield code="l">2</subfield>
    <subfield code="m">1</subfield>
    <subfield code="p">27-B-584</subfield>
    <subfield code="r">2022-10-29</subfield>
    <subfield code="s">2022-09-27</subfield>
    <subfield code="w">2019-09-05</subfield>
    <subfield code="y">02</subfield>
  </datafield>
  <datafield tag="952" ind1=" " ind2=" ">
    <subfield code="0">0</subfield>
    <subfield code="1">0</subfield>
    <subfield code="2">ddc</subfield>
    <subfield code="4">0</subfield>
    <subfield code="7">0</subfield>
    <subfield code="a">27</subfield>
    <subfield code="b">27</subfield>
    <subfield code="d">2019-02-21</subfield>
    <subfield code="e">KIRTI PRAKASHAN</subfield>
    <subfield code="g">250.00</subfield>
    <subfield code="i">IN2849</subfield>
    <subfield code="l">0</subfield>
    <subfield code="p">27-B-585</subfield>
    <subfield code="r">2019-09-05</subfield>
    <subfield code="w">2019-09-05</subfield>
    <subfield code="y">01</subfield>
  </datafield>
  <datafield tag="952" ind1=" " ind2=" ">
    <subfield code="0">0</subfield>
    <subfield code="1">0</subfield>
    <subfield code="2">ddc</subfield>
    <subfield code="4">0</subfield>
    <subfield code="7">0</subfield>
    <subfield code="a">27</subfield>
    <subfield code="b">27</subfield>
    <subfield code="d">2019-02-21</subfield>
    <subfield code="e">KIRTI PRAKASHAN</subfield>
    <subfield code="g">250.00</subfield>
    <subfield code="i">IN2849</subfield>
    <subfield code="l">0</subfield>
    <subfield code="p">27-B-586</subfield>
    <subfield code="r">2019-09-05</subfield>
    <subfield code="w">2019-09-05</subfield>
    <subfield code="y">01</subfield>
  </datafield>
  <datafield tag="952" ind1=" " ind2=" ">
    <subfield code="0">0</subfield>
    <subfield code="1">0</subfield>
    <subfield code="2">ddc</subfield>
    <subfield code="4">0</subfield>
    <subfield code="7">0</subfield>
    <subfield code="a">27</subfield>
    <subfield code="b">27</subfield>
    <subfield code="d">2019-02-21</subfield>
    <subfield code="e">KIRTI PRAKASHAN</subfield>
    <subfield code="g">250.00</subfield>
    <subfield code="i">IN2849</subfield>
    <subfield code="l">2</subfield>
    <subfield code="p">27-B-587</subfield>
    <subfield code="r">2022-09-26</subfield>
    <subfield code="s">2021-12-31</subfield>
    <subfield code="w">2019-09-05</subfield>
    <subfield code="y">02</subfield>
  </datafield>
  <datafield tag="952" ind1=" " ind2=" ">
    <subfield code="0">0</subfield>
    <subfield code="1">0</subfield>
    <subfield code="2">ddc</subfield>
    <subfield code="4">0</subfield>
    <subfield code="7">0</subfield>
    <subfield code="a">27</subfield>
    <subfield code="b">27</subfield>
    <subfield code="d">2019-02-21</subfield>
    <subfield code="e">KIRTI PRAKASHAN</subfield>
    <subfield code="g">250.00</subfield>
    <subfield code="i">IN2849</subfield>
    <subfield code="l">1</subfield>
    <subfield code="p">27-B-588</subfield>
    <subfield code="r">2025-05-12</subfield>
    <subfield code="s">2025-04-29</subfield>
    <subfield code="w">2019-09-05</subfield>
    <subfield code="y">01</subfield>
  </datafield>
  <datafield tag="952" ind1=" " ind2=" ">
    <subfield code="0">0</subfield>
    <subfield code="1">0</subfield>
    <subfield code="2">ddc</subfield>
    <subfield code="4">0</subfield>
    <subfield code="7">0</subfield>
    <subfield code="a">27</subfield>
    <subfield code="b">27</subfield>
    <subfield code="d">2019-02-21</subfield>
    <subfield code="e">KIRTI PRAKASHAN</subfield>
    <subfield code="g">250.00</subfield>
    <subfield code="i">IN2849</subfield>
    <subfield code="l">0</subfield>
    <subfield code="p">27-B-589</subfield>
    <subfield code="r">2019-09-05</subfield>
    <subfield code="w">2019-09-05</subfield>
    <subfield code="y">01</subfield>
  </datafield>
</record>
